1361 1993 1071 1282 1116 1678 1706 1987 1182 1812 1967 1097 1340 1688 1081 1011 1074 1611 1159 1566 1415 1705 1423 1606 1238 1611 1290 1719 1054 1931 1829 1578 1946 1049 1082 1379 1859 1620 1776 1887 1642 1219 1207 1562 1345 1396 1434 1077 1164 1484 1741 1745 1948 1881 1589 1737 1265 1163 1894 1734 1218 1414 1104 1032 1618 1515 1380 1958 1624 1050 1606 1443 1743 1344 1331 1877 1208 1201 1782 1582 1750 1758 1357 1457 1555 1193 1294 1032 1242 1675 1455 1123 1843 1977 1558 1023 1655 1437 1497 BCNSPRNW ULIB Ver.6.0+V

เปลี่ยนเป็นภาษาไทย

Change to English
 แสดงรายละเอียดบรรณานุกรม
  กลับหน้าหลัก

Brief Record : Get Marc (ISO 2709) : E-mail record : QR code < ปิดหน้าต่าง
LEADER : 00000nam a2200000Ia 4500
001    13399122475
003     ULIB
008    130617s2555 th a 000 0 tha d
020    ^a9786169137504
060 04 ^aWS125^bต367
245 00 ^aตำราการเลี้ยงลูกด้วยนมแม่ /^cบรรณาธิการ, ศุภวิทย์ มุตตามระ... [และคนอื่น ๆ]
250    ^aพิมพ์ครั้งที่ 1
260    ^aกรุงเทพฯ :^bมูลนิธิศูนย์นมแม่แห่งประเทศไทย,^c2555
300    ^aก-ฒ, 260 หน้า :^bภาพประกอบสี ;^c27 ซม.
650  4 ^aการเลี้ยงลูกด้วยนมแม่
650  4 ^aการให้น้ำนมมารดา
650  4 ^aน้ำนมมารดา, การเลี้ยงลูก
700 0  ^aศุภวิทย์ มุตตามระ,^eบรรณาธิการ
710 2  ^aมูลนิธิศูนย์นมแม่แห่งประเทศไทย
945    ^p0^l0^i033714
999    ^aเกษร โพธิ์สุวรรณ
รายการนี้ยังไม่มีแท็ก
คุณยังไม่ได้ล็อกอิน คุณสามารถมีกิจกรรมร่วมกับเว็บไซต์ได้ แต่ต้องล็อกอินก่อน ::
  ล็อกอิน

รายการสื่อสารสนเทศ

ลำดับที่ ประเภท เลขเรียก/บาร์โค้ด สถานที่ สถานะ
1. วิทยาศาสตร์การแพทย์ และสุขภาพ
หนังสือสำรอง
สถานะ=หนังสือสำรอง
WS125 ต367 ฉ.1 
  Barcode: 033714
ห้องสมุดวิทยาเขตสวรรค์ประชารักษ์
►ส่วนจัดเก็บหนังสือเก่า สปร
บนชั้น
  ขอยืม

รายการใกล้เคียง
    หัวเรื่อง [การเลี้ยงลูกด้วยนมแม่]
    หัวเรื่อง [การให้น้ำนมมารดา]
    หัวเรื่อง [น้ำนมมารดา, การเลี้ยงลูก]

BibComment


ยังไม่เคยถูกคอมเมนท์

คอมเมนท์ทรัพยากรรายการนี้
  คอมเมนท์: ตำราการเลี้ยงลูก..


 Copyright 2026. Bcnsprnw @Library